000 00555nam a2200229Ia 4500
003 0100
008 130227s9999 xx 000 0 und d
040 _cARRUPELIB
050 _aBV210.2S854 2005
100 _aStibbe, Mark
245 _aDrawing near to God
245 _bthe temple model of prayer
260 _aLondon
260 _bDarton, Longman and Todd
260 _C2005
300 _axv
300 _b 172p. 19cm.
650 _bKhama, Seretse
650 _cKhama, Ruth
650 _dInternacial marriage - Botswana
942 _2lcc
_02
999 _c6494
_d6494